000 00503nam a2200193Ia 4500
005 20250923145254.0
008 008 250917s9999 xx 000 0 eng d
037 _aPeriodicals
040 _aDSWL
_beng
_cDSWL
041 _aeng
_2eng
084 _qDSWL
245 4 _aThe Indian Journal of Public Administration
260 _aNew Delhi
_bIndian Institute of Public Administration
_c1973
365 _aUSD
_b16
490 _vVol.19
925 _g16
942 _cCR
999 _c1449290
_d1449290